000 00453nam a2200169 4500
003 SEACOMEC
005 20240219143402.0
008 240219b |||||||| |||| 00| 0 eng d
020 _cRS.165.00
040 _aSEACOMEC
082 _a518300
_bM981
100 _aMurray,Daniel A.
245 1 _aIntroductory course in Differtial Equations
_cDaniel A. Murray
260 _aChennai
_bOrient Longman
650 _amathematics,Numerical analysis
942 _cBOOK
999 _c658
_d658